Statistics for Country Endonyms #4

Click here to take the quiz!

General Stats

  • This quiz has been taken 68 times
  • The average score is 13 of 15

Answer Stats

RegionEndonymExonym% Correct
EuropeSrbijaSerbia
98%
AsiaKirgizijaKyrgyzstan
97%
EuropePolskaPoland
97%
EuropeNoregNorway
95%
AsiaAl-‘Arabiyyah as Sa‘ūdiyyahSaudi Arabia
93%
EuropeSlovenijaSlovenia
93%
EuropeSeverna MakedonijaNorth Macedonia
91%
S. AmericaPiruwPeru
91%
EuropeSlovenskoSlovakia
91%
OceaniaNaoeroNauru
88%
AfricaAl-maɣrébMorocco
84%
OceaniaAotearoaNew Zealand
83%
Africaaş-ŞūmālSomalia
81%
EuropeCrna GoraMontenegro
66%
AsiaDhivehi RaajjeMaldives
50%

Score Distribution

Percentile by Number Answered

Percent of People with Each Score

Your Score History

You have not taken this quiz